MCU Heroes by Film and Show - Statistics

General Stats
  • This quiz has been taken 645 times
    329 since last reset
  • The average score is 203 of 349
Answer Stats
Hint Answer % Correct
| Avengers: Age of Ultron | Avengers: Endgame | +5 others Iron Man
98%
| The Incredible Hulk Hulk
95%
Hulk
94%
Mighty Thor
93%
| Thor | Thor: Love and Thunder | +2 others Thor
92%
| Black Widow Black Widow
91%
The Falcon & The Winter Soldier Falcon
90%
| Captain America: Civil War | Captain America: The First Avenger | Captain America: The Winter Soldier Captain America
89%
Loki Loki
88%
| Hawkeye Hawkeye
87%
Peter Parker
87%
| Spider-Man: Far From Home | Spider-Man: Homecoming | Spider-Man: No Way Home Spider-Man
87%
US Agent
86%
Yelena Belova
86%
Isaiah Bradley
85%
Kate Bishop
85%
Nick Fury
85%
Winter Soldier
85%
Winter Soldier
84%
| Ant-Man | Ant-Man and the Wasp Ant-Man
83%
| Black Panther Black Panther
83%
War Machine
83%
Doctor Strange
82%
Groot
82%
| Guardians of the Galaxy | Guardians of the Galaxy Vol. 2 Star-Lord
82%
Gamora
81%
Iron Patriot
81%
War Machine
81%
Wasp
81%
Drax
80%
Gamora
80%
Vision
80%
Wasp
80%
Rocket Raccoon
79%
Scarlet Witch
79%
Vision
79%
Captain Marvel Captain Marvel
77%
Captain Marvel
76%
Maria Rambeau
76%
Falcon
74%
| Agent Carter Agent Carter
73%
Falcon
73%
Nick Fury
72%
Quicksilver
72%
Daredevil
71%
Odin
71%
Rescue
70%
Wong
69%
| Doctor Strange Doctor Strange
68%
Moon Knight Moon Knight
68%
Nebula
68%
| Agents of S.H.I.E.L.D. Phil Coulson
67%
Captain Carter
66%
Mantis
66%
Ms. Marvel Ms. Marvel
66%
She-Hulk She-Hulk
66%
| Jessica Jones Jessica Jones
65%
Scarlet Witch
65%
Shang-Chi and the Legend of the Ten Rings Shang-Chi
65%
| Luke Cage Luke Cage
64%
Quicksilver
64%
Shuri
64%
Maria Hill
63%
| Iron Fist Iron Fist
62%
Maria Hill
62%
Valkyrie
62%
Yondu
60%
Scarlet Witch
57%
Valkyrie
56%
Hank Pym
55%
Ancient One
52%
Sif
51%
Heimdall
50%
Cloak and Dagger Cloak
46%
Dagger
46%
Ancient One
45%
Eternals Sersi
42%
Howard Stark
40%
Korg
40%
Black Bolt
39%
Monica Rambeau
39%
Red Guardian
39%
America Chavez
37%
Ikaris
37%
Mr. Fantastic
36%
Professor X
36%
Thena
36%
Baron Mordo
35%
Janet van Dyne
35%
Monica Rambeau
35%
Agent 13
34%
Sprite
34%
Gilgamesh
33%
Elektra
32%
Druig
31%
Fandral
31%
Kraglin
31%
Kingo
30%
Makkari
30%
Volstagg
30%
Hogun
29%
Phastos
29%
Cosmo
24%
Howard the Duck
24%
Quake
24%
Howard the Duck
23%
Edwin Jarvis
22%
Medusa
22%
Melinda May
21%
Miek
21%
Speed
21%
Wiccan
21%
Black Knight
20%
Echo
19%
Goliath
17%
Adam Warlock
15%
Jimmy Woo
15%
Leo Fitz
15%
Dum Dum Dugan
14%
Jimmy Woo
14%
Lockjaw
14%
Jemma Simmons
13%
Scarlet Scarab
13%
The Runaways Alex Wilder
12%
Crystal
12%
Ghost Rider
11%
Hellcat
11%
Starhawk
11%
Battlestar
10%
Patriot
10%
Yo-Yo
10%
Colleen Wing
9%
Hercules
9%
Karnak
9%
Lance Hunter
9%
Misty Knight
9%
Mockingbird
9%
Triton
9%
Aleta Ogord
8%
Charlie-27
8%
Gorgon
8%
Mack
8%
Nico Minoru
8%
Patriot
8%
Red Dagger
8%
Martinex
7%
Night Nurse
7%
Chase Stein
6%
Clea
6%
Deathlok
6%
Gert Yorkes
6%
Krugarr
6%
Mainframe
6%
Karolina Dean
5%
Molly Hernandez
5%
Doc Samson
4%
Daniel Sousa
3%
Lincoln Campbell
3%
Trip
3%
Auran
1%
Gordon
1%
Throg
1%
No matching quizzes found
Score Distribution
Percent of People with Each Score
Percentile by Number Answered
Your Score History
You have not taken this quiz since the last reset